00562nam a2200181 a 45000010010000000030011000100080041000210350026000620820014000881000026001022450039001282600052001676500024002199420012002439520090002559980020003459990015003650000-8829ELIB.Books110520 1948  a(ELIB.Books)0000-8975 a268 bWel aWelker, Edith Frances aThoughts of God for Boys and Girls bNew York: Harper and Brothers Publishers c1948 aChristian Education 2ddccBK 00102ddc4070aKBTSbKBTSd2011-05-20l0p1785r2022-01-22 00:00:00w2022-01-22yBK cbate2011-05-20 c8829d8829